000 00369nam a2200157Ia 4500
008 230524s9999 xx 000 0 und d
082 _a658.45
_bSHE
100 _aS.A.Sherlekar
245 0 _aMarketing Management
250 _a13TH
260 _aMUMBAI
_bHimalaya
_c2008
300 _aXXI;531
500 _aQuantity Number: 5
650 _aManagement
942 _cBK
999 _c41294
_d41294